On the "net impact" of Europeanization: the EU's telecoms and electricity regimes between the global and the national (Record no. 59831)

000 -LEADER
fixed length control field 01422pab a2200205 454500
008 - FIXED-LENGTH DATA ELEMENTS--GENERAL INFORMATION
fixed length control field 180718b2004 xxu||||| |||| 00| 0 eng d
100 ## - MAIN ENTRY--PERSONAL NAME
Personal name Levi-Faur, David
245 ## - TITLE STATEMENT
Title On the "net impact" of Europeanization: the EU's telecoms and electricity regimes between the global and the national
260 ## - PUBLICATION, DISTRIBUTION, ETC.
Date of publication, distribution, etc. 2004
300 ## - PHYSICAL DESCRIPTION
Extent p.3-29.
362 ## - DATES OF PUBLICATION AND/OR SEQUENTIAL DESIGNATION
Dates of publication and/or sequential designation Feb
520 ## - SUMMARY, ETC.
Summary, etc. This article examines the outcome of the EU policy process from various comparative perspectives in an effort to distinguish the "net effects" of EU membership and EU-level regimes from more general - perhaps global - processes of change. It argues that the major features of liberalization would have been diffused to most if not all member states even in the absence of the European Commission, other agents of supranationalism, and EU-level intergovernmental commitment to liberalize. This is not to suggest that Europeanization does not matter but that it matters in less obvious and perhaps in less critical ways than is frequently assumed. The argument is supported by comparative empirical analysis of the spatial and temporal diffusion of liberalization since the 1980s and of nationalization since the late 19th century. - Reproduced.
650 ## - SUBJECT ADDED ENTRY--TOPICAL TERM
Topical term or geographic name entry element Electricity
650 ## - SUBJECT ADDED ENTRY--TOPICAL TERM
Topical term or geographic name entry element Telecommunications
650 ## - SUBJECT ADDED ENTRY--TOPICAL TERM
Topical term or geographic name entry element Privatization
650 ## - SUBJECT ADDED ENTRY--TOPICAL TERM
Topical term or geographic name entry element Liberalization
650 ## - SUBJECT ADDED ENTRY--TOPICAL TERM
Topical term or geographic name entry element European union
773 ## - HOST ITEM ENTRY
Main entry heading Comparative Political Studies
909 ## -
-- 59831
Holdings
Withdrawn status Lost status Damaged status Not for loan Permanent Location Current Location Date acquired Serial Enumeration / chronology Barcode Date last seen Price effective from Koha item type
        Indian Institute of Public Administration Indian Institute of Public Administration 2018-07-19 Volume no: 37, Issue no: 1 AR60276 2018-07-19 2018-07-19 Articles

Powered by Koha